banner koha

Morpho-agronomic characterization and genetic divergence in lentil genotypes (Registro n. 338077)

MARC details
000 -LÍDER
fixed length control field 03652nab a2200337 i 4500
003 - CÓDIGO MARC DA AGÊNCIA CATALOGADORA
Campo de controle BR-BrBNA
005 - DATA E HORA DA ÚLTIMA ATUALIZAÇÃO
Campo de controle 20250909114359.0
008 - CAMPO DE TAMANHO FIXO
fixed length control field 250909b2021 bl.qr|pooa||| 00| 0 eng |
040 ## - FONTE DA CATALOGAÇÃO
Agência catalogadora BR-BrBNA
Idioma da catalogação eng
072 ## - CATEGORIA AGRIS
Código AGRIS F30
Código do objeto 1460
100 ## - ENTRADA PRINCIPAL - NOME PESSOAL
Nome pessoal Cardoso, Fabiana R
100 ## - ENTRADA PRINCIPAL - NOME PESSOAL
Nome pessoal Brasileiro, Lemerson de O
100 ## - ENTRADA PRINCIPAL - NOME PESSOAL
Nome pessoal Ragassi, Carlos Francisco
100 ## - ENTRADA PRINCIPAL - NOME PESSOAL
Nome pessoal Carvalho, Agnaldo DF de
100 ## - ENTRADA PRINCIPAL - NOME PESSOAL
Nome pessoal Silva, Patrícia P da
100 ## - ENTRADA PRINCIPAL - NOME PESSOAL
Nome pessoal Vieira, Jairo V
100 ## - ENTRADA PRINCIPAL - NOME PESSOAL
Nome pessoal Nascimento, Warley Marcos
245 ## - TÍTULO PRINCIPAL
Título principal Morpho-agronomic characterization and genetic divergence in lentil genotypes
500 ## - NOTA GERAL
Nota geral <br/>Publicação online; 30 ref.; 4 tables; Summaries (En, Pt)
942 ## - ADDED ENTRY ELEMENTS (KOHA)
Koha item type Analítica
520 ## - NOTA DE RESUMO
Nota de conteúdo <br/><br/><br/>ABSTRACT: Lentil production has been increasing in Brazil, due to strong national and international demand. Despite the economic importance, few cultivars are available on the Brazilian market. The aim of this study was to evaluate 48 lentil inbred lines and one commercial cultivar (Silvina), based on morpho-agronomic traits and to identify genotypes which can be used in a plant breeding program. Twentyone morpho-agronomic descriptors (nine qualitative and twelve quantitative) were used. The descriptors showed genetic variability among the genotypes. Clustering techniques using characterization data allowed to identify genetically divergent genotypes as well as identify superior genotypes in relation to agronomic traits: FLIP2010-8L and FLIP2010-12L (similarity group I), FLIP2010-99L, FLIP2010-20L and FLIP2010-106L (group II), FLIP90-25L and 6031 (group III), FLIP2007-16L (group IV) and the commercial cultivar Silvina (group V). We concluded that these genotypes have the potential to be used in lentil breeding programs. <br/><br/><br/>Keywords: Lens culinaris, genetic resources, genetic variability, productivity
520 ## - NOTA DE RESUMO
Nota de conteúdo <br/><br/><br/>RESUMO: A produção de lentilha apresenta tendência de crescimento no Brasil devido a uma forte demanda do mercado nacional e internacional por esta hortaliça leguminosa. Apesar da importância econômica, existem poucas cultivares disponíveis no mercado brasileiro. O objetivo deste estudo foi avaliar 48 linhagens de lentilha e uma cultivar comercial (Silvina), com base em características morfoagronômicas, e identificar genótipos que possam ser empregados no melhoramento genético. Foram utilizados 21 descritores morfoagronômicos (nove qualitativos e doze quantitativos) que evidenciaram a existência de variabilidade genética entre os genótipos estudados. A associação das técnicas de agrupamento com os dados de caracterização possibilitou a identificação de genótipos geneticamente divergentes e, ao mesmo tempo, superiores quanto a características agronômicas: FLIP2010-8L e FLIP2010-12L (grupo de similaridade I), FLIP2010-99L, FLIP2010-20L e FLIP2010-106L (grupo II), FLIP90-25L e 6031 (grupo III), FLIP2007-16L (grupo IV) e a cultivar comercial Silvina (grupo V). Esses genótipos apresentam potencial para serem utilizados em programas de melhoramento genético da espécie.<br/><br/><br/><br/>Palavras-chave: Lens culinaris, recursos genéticos, variabilidade genética, produtividade
650 ## - ASSUNTO - THESAGRO
Cabeçalho tópico ou nome geográfico LENTILHA
650 ## - ASSUNTO - THESAGRO
Cabeçalho tópico ou nome geográfico RECURSO GENÉTICO
650 ## - ASSUNTO - THESAGRO
Cabeçalho tópico ou nome geográfico VARIAÇÃO GENÉTICA
650 ## - ASSUNTO - THESAGRO
Cabeçalho tópico ou nome geográfico MELHORAMENTO GENÉTICO VEGETAL
650 ## - ASSUNTO - THESAGRO
Cabeçalho tópico ou nome geográfico PRODUTIVIDADE
773 0# - ENTRADA ANALÍTICA
Host Biblionumber 1047
Registro do item 357746
Imprenta Brasília-DF Sociedade de Olericultura do Brasil 1983
Outro identificador 2025-5711
Título Horticultura Brasileira (Brazil)
ISSN 0102-0536
Colação v. 39(2) p. 169-177; (2021)
Número de controle de registro BR2025001906
856 ## - ACESSO E ENDEREÇO ELETRÔNICO
Identificador uniforme de recurso - URI https://www.scielo.br/j/hb/a/9dDQZ8YbLmwR7Xw94C7tQKH/?format=pdf&lang=en

Nenhum exemplar disponível.

BINAGRI

Telefone: (61)3218-2567/2388/3357/2097 - binagri@agro.gov.br

Ministério da Agricultura e Pecuária , Esplanada dos Ministérios, Bloco D, Anexo B, Brasília/DF, CEP: 70.043-900